LEADER 01211nam a2200313 a 4500 001 000000134018 003 CaOOAMICUS 005 20130523143943.0 008 130523s2005 it b u000 u ita r 020 $a88-15-09745-7 040 $aPUL$bita 082 04$a320 100 1 $aPalermo, Francesco.$0(OLS)http://pul/name/86370 245 10$aGermania /$cFrancesco Palermo, Jens Woelk. 260 $aBologna :$bIl Mulino,$c©2005. 300 $a149 p. :$c. geogr. ;$c21 cm 490 1 $aSi governano così ;$v01 504 $aBibliografia p. 143-145. 651 4$aGermania$xPolitica e governo.$0(OLS)http://pul/subject/23463 700 1 $aWoelk, Jens.$0(OLS)http://pul/name/86371 830 0$aSi governano così ;$v01.$0(OLS)http://pul/title/169408 850 $aPUL 852 $aPUL$W1$xSL Diritto e Scienze Sociali 3$y79$m320 ENC 1.1$j154089$qDDC 21$B153640$CPULBib$Z2$F153640 $H122353 $82 941 1 $a9 996 $6020$a88-15-09745-7$9(OLS)http://pul/number/152793 996 $6082$a320$9(OLS)http://pul/classification/612 996 $6245$aGermania$9(OLS)http://pul/title/169421 996 $6260$aBologna :$bIl Mulino$9(OLS)http://pul/publisher/47928 LEADER 01481nam a2200301 u 4500 001 000000107936 003 CaOOAMICUS 005 20071030142652.0 008 071030s2007 it u000 u ita u 020 $z978-88-6132-077-2* 040 $aPUL$bita$dLDB 110 1 $aItalia.$kLeggi, statuti, ecc.$0(OLS)http://pul/name/10145 245 13$aIl codice della legislazione antimafia e le altre forme di criminalità organizzata commentato con la giurisprudenza /$ca cura di Marco Angelini, Luigi Tramontano. 260 $aPiacenza :$bLa Tribuna,$c2007. 300 $a989 p. ;$c20 cm. 490 1 $a2007 i codici commentati 500 $aTesto su due colonne. 500 $aInclude indici. 650 4$aCriminalità organizzata$xLegislazione penale.$0(OLS)http://pul/subject/33648 700 1 $aAngelini, Marco.$0(OLS)http://pul/name/66188 700 1 $aTramontano, Luigi,$d1967-$0(OLS)http://pul/name/34460 830 0$a2007 i codici commentati.$0(OLS)http://pul/title/135886 850 $aPUL 852 $aPUL$W1$xSL Diritto e Scienze Sociali 3$y79$m348. 45 COD 3.2.1$j122775$qDDC 21$B121761$CPULBib$Z2$F121761 $H105257 $82 941 1 $a9 996 $6020$z978-88-6132-077-2*$9(OLS)http://pul/number/136108 996 $6245$aIl codice della legislazione antimafia e le altre forme di criminalità organizzata commentato con la giurisprudenza$9(OLS)http://pul/title/135895 996 $6260$aPiacenza :$bLa Tribuna$9(OLS)http://pul/publisher/69734